Značka zaměstnavatele bez živých sociálních sítí? To je bláznovství!
Employer branding (budovanie značky zamestnávateľa) a súvislosť s náborom a priťahovaním kvalitných zamestnancov. Hrozby a inšpirácia na obsah sociálnych sietí.
Enregistré dans:
| Auteur principal: | |
|---|---|
| Format: | Chapitre de livre |
| Langue: | tchèque |
| Sujets: | |
| Tags: |
Pas de tags, Soyez le premier à ajouter un tag!
|
MARC
| LEADER | 00000naa a2200000 4500 | ||
|---|---|---|---|
| 001 | 0272849 | ||
| 005 | 20210409115830.4 | ||
| 041 | 0 | |a cze | |
| 044 | |a CZ | ||
| 245 | 1 | 0 | |a Značka zaměstnavatele bez živých sociálních sítí? To je bláznovství! |c Hana Slačálková |
| 520 | |a Employer branding (budovanie značky zamestnávateľa) a súvislosť s náborom a priťahovaním kvalitných zamestnancov. Hrozby a inšpirácia na obsah sociálnych sietí. | ||
| 610 | 2 | 0 | |a personalisti |
| 610 | 2 | 0 | |a personalistika |
| 610 | 2 | 0 | |a zamestnanci |
| 610 | 2 | 0 | |a zamestnávatelia |
| 610 | 2 | 0 | |a siete sociálne |
| 610 | 2 | 0 | |a značky |
| 610 | 2 | 0 | |a firmy |
| 100 | 1 | |a Slačálková, Hana | |